MDQL
is popping MORE tags! Check the
thread
!
Quizzes
Events
Quiz Creation
Community
Videos
Private Events
Remove Ads
Sign In
Join for FREE
Feedback
Dark Mode
Quiz Categories
Sports
Geography
Music
Movies
Television
Just For Fun
Miscellaneous
History
Literature
Language
Science
Gaming
Entertainment
Religion
Holiday
For Kids
Quiz Lab
Recent
Popular Today
Quiz Kudos Today
Editor Picks
Curator Picks
Quizzes by...
Day
Popularity
Type
Ratings
Length
Year
Community
Subscriptions
Recent Discussions
Orange Saloon
Badges
Playlists
Quests
Create
Leaderboards
Showdown
Live 5
Trivia Bingo
Activity
Puzzle Library
Sporcle Events
Private Events
Virtual Trivia
Globe League
Become a Host
Pub Owners
SporcleCon
Opinionation
Our Games
Videos
Blog
Mobile Apps
Partnerships
Remove Ads and Go Orange
Feedback
Movies
Disney
Marvel Cinematic Universe
Movie Resume
Movie Titles
Oscar
Actor
Actress
Director
Pixar
Role
Movie Quotes
Movie Characters
Box Office
Nominee
Best Picture
Star Wars
James Bond
Horror Movies
Movies
Disney
Marvel Cinematic Universe
Movie Resume
Movie Titles
Oscar
Actor
Actress
Director
Pixar
Role
Movie Quotes
Movie Characters
Box Office
Nominee
Best Picture
Star Wars
James Bond
Horror Movies
Random Quiz
Search Sporcle
×
Quiz Lab
Quiz Lab
Movies
1940
Type in answers that appear in a list
Type in answers that appear in a list
Classic
Best Score? Go Orange.
1940 Horror Films Stats
Can you name the 1940 Horror Films?
By
desanity
13m
25 Questions
39 Plays
39 Plays
39 Plays
Comments
Comments
Give Quiz Kudos
Give Quiz Kudos
-
- Ratings
hide this ad
Replay
Link that replays current quiz
Next Quiz
Link to next quiz in quiz playlist
You Got
0%
They Got
Avg Score
23%
Avg Friend Score
Upgrade to see
Score Distribution
Jump to the score distribution portion of the page
Score
0/25
Timer
13:00
0
Plays Today
Synopsis
Movie
% Correct
A practical man returns to his homeland, is attacked by a creature of folklore, and infected with a horrific disease his disciplined mind tells him can not possibly exist.
The Wolf Man
84.6%
An American man marries a Serbian immigrant who fears that she will turn into the cat person of her homeland's fables if they are intimate together.
Cat People
71.8%
This is the story of a disfigured violinist who haunts the Paris Opera House
Phantom of the Opera
56.4%
A ruthless doctor and his young prize student find themselves continually harassed by their murderous supplier of illegal cadavers.
The Body Snatcher
46.2%
Count Alucard finds his way from Budapest to the swamps of the Deep South; his four nemeses are a medical doctor, a university professor, a jilted fiancé and the woman he loves.
Son of Dracula
43.6%
An evil scientist and a hunchback escape from prison and encounter Dracula, the Wolf Man and Frankenstein's Monster.
House of Frankenstein
41%
A landlady suspects her new lodger is Jack the Ripper.
The Lodger
35.9%
Set on a Greek isle, a plague forces a quarantine on the island's visitors while a young woman is being accused of a sort of vampire.
Isle of the Dead
30.8%
Ygor resurrects Frankenstein's monster and brings him to the original doctor's son, Ludwig, for help.
The Ghost of Frankenstein
25.6%
A doctor and his colleague are involved in a number of scientific experiments which cause the doctor to turn into an ape-
man.
The Ape Man
23.1%
Elderly Henrietta Winslow lives in an isolated mansion with her housekeeper and beloved cats. As her health fails, her greedy relatives gather in anticipation of her death.
The Black Cat
20.5%
Kurt Ingston, a rich recluse, invites the doctors who left him a hopeless cripple to his desolate mansion in the swamps as one by one they meet horrible deaths.
Night Monster
15.4%
When an errant bomb unearths the coffin of a vampire during the London Blitz, a gravedigger unknowingly reanimates the monster by removing the stake from his heart
The Return of the Vampire
12.8%
Synopsis
Movie
% Correct
Once again Paula ape woman is brought back to life, this time by a mad doctor and his disfigured assistant.
The Jungle Captive
12.8%
A young heiress finds evidence suggesting that at night she acts under the influence of a family curse and has begun committing ghastly murders in a nearby park.
She-Wolf of London
12.8%
A poor Russian officer tries to learn the secret of an aged countess's success at the card table.
The Queen of Spades
10.3%
A small plane crash lands on an island as the three people on board take refuge in a mansion when one of the people becomes convinced that the mansion is haunted by zombies.
King of the Zombies
7.7%
An insane scientist doing experimentation in glandular research becomes obsessed with transforming a female gorilla into a human...even though it costs human life.
Captive Wild Woman
7.7%
A doctor attempts to revive his dead wife by using the life essences of young girls imprisoned beneath his mansion.
Voodoo Man
5.1%
A professor falls in a love and marries an exotic woman while on vacation in the South Seas. However, the natives on the island believe she is a supernatural being.
Weird Woman
5.1%
An artist is blinded by his jealous assistant when the father of his fiancee offers an operation to restore his sight, but he must wait until the man dies.
Dead Man's Eyes
5.1%
A murder is found to be connected to a false heir and a secret underground torture chamber.
The Door With Seven Locks
2.6%
A man invites a group of people to a holiday in his island home, intending to exact revenge on them.
Fog Island
2.6%
A mad scientist injects his enemies with the acromegaly virus, causing them to become hideously deformed.
The Monster Maker
2.6%
Surviving members of an aristocratic Welsh family are threatened by a legendary monster when they venture out on chilly, foggy nights.
The Undying Monster
0%
Quiz Playlist
Details
Report
Send in Message
Add To Playlist
Classic:
Type in answers that appear in a list
Last Updated: Feb 16, 2017
Quiz Scoreboard
CHALLENGE
Sign Up to Join the Scoreboard
Show All
Scores
Hide
Comments
May contain spoilers
Recently Published
Two Season TV Shows II
by 123Four
Television
10m
Image Sorting: Flags VI
by Barbecue
Geography
2m
Find the 'City' Movie
by crazypaving
Movies
60s
More to Explore
Quiz From the Vault
Featured Blog Post
14 Easter Pick-up Lines to Find Eggs With
hide this ad
You Might Also Like...
Tags
1940
horror
Today's Top Quizzes in Movies
Browse Movies
hide this ad
Today's Top Quizzes in 1940
Browse 1940
Top Contributed Quizzes in Movies
1
The ultimate James Bond movie quiz
2
Find The 'Big' Movie
3
Find The 'Wild' Movie
4
Find The 'Blue' Movie
5
Movies By Plot
6
Hidden Star Wars Character II
7
Hidden Star Wars Character III
8
25 Best Actor Nominees (1990s)
9
Hidden Star Wars Character IV
10
Pick 5 Posters: Directed by Spielberg
Explore More
Trending Topics
Harry Potter
Anime
Marvel
Disney
NBA
Crossword
Kpop
Country
Pokémon
Soccer
Song
NFL
Puzzle
WWE
The Office
hide this ad
More By:
desanity
Quiz
Plays
Rating
Category
Featured
Created
Name the Horror Films
854
3.67
Movies
Jan 11, 2010
Name the Horror Films 2
807
4.00
Movies
Jan 14, 2010
Horror Video Games By Villains
543
4.50
Gaming
Jan 20, 2010
Horror Movies Tagline
328
2.00
Movies
Apr 22, 2010
Horror and Thriller Movies of 2010
275
2.00
Movies
Jan 31, 2010
Go to Creator's Profile
Score Distribution
Quiz Creator Spotlight
desanity
Follow
Send a Message
Quizzes Created
-
Created Quiz Play Count
-
More By This Creator
Popular Quizzes Today
1
Find the US States - No Outlines Minefield
2
Colored Red Africa Blitz
3
Find the 'City' Movie
4
5x2 Blitz: Bands
5
The Countries of the World
6
Find the Countries of Europe - No Outlines Minefield
7
Find the US States
8
US States
More Movies Quizzes
Real Movie Sequels! Part Deux
Quiz Lab
Trending Quizzes
Colored Red Europe Blitz I
Colored Red Africa Blitz II
Colored Red Europe Blitz II
Even More Two Season TV Shows
Colored Red Africa Blitz III
Recently Updated
March Madness Men's Triple Doubles
pecheneg
How Do You Spell That?
pecheneg
Godzilla Movies
pecheneg
Grab Bag: 4-10 Letters
pecheneg
2024 March Madness Bracket
pecheneg
Famous TV Couples
Peacemaker
Champions League XIs: Real Madrid
pecheneg
Largest US Cities 1790-2010
pecheneg
Rides in Walt Disney World
pecheneg
Most Oscar Losses (Acting)
pecheneg
Trending Topics
Kpop
Disney
NBA
Harry Potter
Crossword
Anime
Marvel
Song
Puzzle
Pokémon
Country
The Office
NFL
WWE
Soccer
Your Account Isn't Verified!
In order to create a playlist on Sporcle, you need to verify the email address you used during registration. Go to your
Sporcle Settings
to finish the process.
Report this User
Report this user for behavior that violates our
Community Guidelines
.
Details:
Send Report
Go to the Sporcle.com Mobile Site →
Comments